000 00895nas a2200289 4500
001 BR2011004074
003 BR-BrBNA
005 20231205115446.0
007 ta
008 230509b bl.|||p| |||| 00| 00por d
040 _aBR-BrBNA
_bpor
_cBiblioteca Nacional de Agricultura
041 _a(Pt)
072 _aP34
100 1 _aVal-Moraes, S.P.
100 1 _aValarini, M.J.
100 1 _aGhini, R.
100 1 _aLemos, E.G. de M.
100 1 _aCarareto-Alves, L.M.
245 1 _aDiversidade de bactérias de solo sob vegetação natural e cultivo de hortaliças
650 _aMICROBIOLOGIA DO SOLO
650 _aPROPRIEDADE FÍSICO-QUÍMICA
650 _aBACTÉRIA
650 _aHORTALIÇA
773 0 _tRevista Ciência Agronômica (Brazil)
_xISSN 0045-6888
_g(Jan-Mar 2009), v. 40(1) p. 7-16
_wBR2011004074
909 _a202311
_bLúcia
_c55
_dLúcia Elande
942 _2AGRIS
_n0
_cANA
999 _c213910
_d213910